| 000 | 00370nam a22001457a 4500 | ||
|---|---|---|---|
| 999 |
_c2739 _d2739 |
||
| 008 | 200316b ||||| |||| 00| 0 eng d | ||
| 082 | 0 | 0 |
_a665.538 _bR3218 |
| 100 |
_92356 _aRedwood, Boverton. |
||
| 245 | 1 | 0 |
_aPetroleum, Vol .3 _cRedwood, Boverton. |
| 250 | _a5th ed. | ||
| 260 |
_aLondon _bCharles griffin _c1926 |
||
| 300 | _a612 p. | ||
| 650 | 0 | _aPetroleum | |
| 942 | _cBK | ||